MARC

LEADER 00000nam0a2200000 4500
001 181170
005 20231031171008.0
035 |a (RuTPU)RU\TPU\book\196389 
090 |a 181170 
100 |a 20100602d1979 m y0rusy50 ca 
101 0 |a rus 
102 |a RU 
105 |a a z 000zy 
200 1 |a Псков  |e фотоальбом  |f сост. Л. И. Маляков 
210 |a Ленинград  |c Лениздат  |d 1979 
215 |a 169 с.  |c ил. 
610 1 |a градостроительство 
610 1 |a города 
610 1 |a Россия 
610 1 |a архитектурные памятники 
610 1 |a Псков 
610 1 |a Пушкинский заповедник 
610 1 |a фотоальбомы 
675 |a 711.424  |v 3 
702 1 |a Маляков  |b Л. И.  |g Лев Иванович  |4 220 
801 1 |a RU  |b 63413507  |c 20100602 
801 2 |a RU  |b 63413507  |c 20110207  |g RCR 
942 |c BK